Movies Quiz

Random Movies or Numbers Quiz

Star Wars Characters by Picture Quiz Stats

 Plays Quiz Updated Apr 16, 2013

Challenge
Share
Tweet
Score 0/40 Timer 07:00
2 Plays Today
Number Character % Correct
1Luke Skywalker
99.5%
2Han Solo
98.2%
6R2-D2
97.5%
8Darth Vader
97.2%
5C-3PO
95.9%
7Chewbacca
95.5%
3Leia Organa Solo
95.5%
13Yoda
95.2%
4Obi-Wan 'Ben' Kenobi
95.1%
16Jabba the Hutt
90.2%
9Boba Fett
89.6%
14Emperor Palpatine
87.6%
23Jar Jar Binks
87.2%
30Darth Maul
85.1%
12Lando Calrissian
81.9%
22Padmé Amidala
80.8%
21Qui-Gon Jinn
77.3%
31Mace Windu
74.5%
32Count Dooku
68.7%
10Greedo
68.2%
Number Character % Correct
15Admiral Ackbar
66.3%
20Owen Lars
64.7%
33Jango Fett
61.1%
34General Grievous
59.6%
25Shmi Skywalker Lars
56%
11Wilhuff Tarkin
55.3%
19Beru Whitesun Lars
49.9%
26Watto
46.5%
35Bail Prestor Organa
46.4%
24Sebulba
45.4%
18Wedge Antilles
40.6%
17Biggs Darklighter
34.1%
29Boss Nass
30.6%
38Plo Koon
28.3%
37Cliegg Lars
26.5%
40Ki-Adi-Mundi
26%
28Captain Panaka
18.3%
27Sio Bibble
11.6%
36Captain Gregar Typho
11.4%
39Sabé
11%

You're not logged in!

Compare scores with friends on all Sporcle quizzes.
Join for Free
OR
Log In

You Might Also Like...

Show Comments

Extras

Top Quizzes Today


Score Distribution

Your Account Isn't Verified!

In order to create a playlist on Sporcle, you need to verify the email address you used during registration. Go to your Sporcle Settings to finish the process.

Report this User

Report this user for behavior that violates our Community Guidelines.

Details: